<?xml version="1.0" encoding="UTF-8"?>
<marc:record xmlns:marc="http://www.loc.gov/MARC21/slim">
   <marc:leader>00000nam a2200000 a 4500</marc:leader>
   <marc:datafield ind1="1" ind2=" " tag="100">
      <marc:subfield code="a">Kraus, Chris</marc:subfield>
      <marc:subfield code="4">aut</marc:subfield>
      <marc:subfield code="e">Verfasser/-in</marc:subfield>
   </marc:datafield>
   <marc:datafield ind1=" " ind2=" " tag="653">
      <marc:subfield code="a">Freundschaft</marc:subfield>
   </marc:datafield>
   <marc:datafield ind1=" " ind2=" " tag="653">
      <marc:subfield code="a">Bestattungsunternehmen</marc:subfield>
   </marc:datafield>
   <marc:datafield ind1=" " ind2=" " tag="653">
      <marc:subfield code="a">Comedy Star</marc:subfield>
   </marc:datafield>
   <marc:datafield ind1="0" ind2="0" tag="245">
      <marc:subfield code="a">Die Sonne und die Mond</marc:subfield>
   </marc:datafield>
   <marc:datafield ind1=" " ind2="1" tag="264">
      <marc:subfield code="b">Diogenes-Verl.</marc:subfield>
      <marc:subfield code="c">2025</marc:subfield>
   </marc:datafield>
   <marc:datafield ind1="1" ind2=" " tag="520">
      <marc:subfield code="a">Sie waren beste Freundinnen, starteten gemeinsam eine Bühnenkarriere, doch dann kam der Bruch. Sonja, genannt Sonne, wurde von Jana von Mond verraten. Jahre später steht Jana – inzwischen ein Comedy-Star – vor der Tür von Sonnes Bestattungsunternehmen und bittet sie, die Trauerfeier für ihren Liebsten auszurichten. Alte Wunden brechen auf, neue werden zugefügt. Die Sonne und die Mond können ihre Umlaufbahn nicht verlassen, sie leuchten weiter, jede auf ihre Art, mal kalt, mal warm.</marc:subfield>
   </marc:datafield>
   <marc:datafield ind1=" " ind2=" " tag="020">
      <marc:subfield code="a">9783257073478</marc:subfield>
      <marc:subfield code="9">9783257073478</marc:subfield>
   </marc:datafield>
</marc:record>
